LEADER 01216nam a2200277 i 4500 001 000000219101 003 CaOOAMICUS 005 20130307000000.0 008 130307s2013 be u000 u eng u 013 $a197998 020 $a978-90-429-2741-4 040 $aSeMil$bita 245 10$aReligious modernism in the low countries /$cedited by Leo Kenis, Ernestine van der Wall. 260 $aLeuven [etc.] :$bPeeters,$c2013. 300 $aVIII, 271 p. ;$c25 cm. 490 0 $aBibliotheca Ephemeridum Theologicarum Lovaniensium ;$v255. 650 4$aModernismo.$0(OLS)http://semarc/subject/674 700 1 $aWall, Ernestine : van der.$0(OLS)http://semarc/name/76984 700 1 $aKenis, Leo.$0(OLS)http://semarc/name/19837 830 0$aBibliotheca Ephemeridum Theologicarum Lovaniensium ;$v255.$0(OLS)http://semarc/title/108 850 $aSeMil 852 $aSeMil$W1$xVenegono$y1$m2IA A 255$j236350$B169470$CSeMilBibl$Z2$F180244 $81 961 $aSottoscrizione: Peeters 996 $6020$a978-90-429-2741-4$9(OLS)http://semarc/number/217082 996 $6245$aReligious modernism in the low countries$9(OLS)http://semarc/title/314376 996 $6260$aLeuven [etc.] :$bPeeters$9(OLS)http://semarc/publisher/32081 LEADER 01366nam a2200313 i 4500 001 000000086720 003 CaOOAMICUS 005 20030709000000.0 008 030709s2003 fr u000 u mul u 013 $a58960 020 $a2-204-07290-7 040 $aSeMil$bita 100 0 $aHippolytus : Romanus,$c.$0(OLS)http://semarc/name/5718 245 14$aUne homélie inspirée du Traité sur la Pâque d'Hippolyte /$cIntroduction, texte critique, traduction et notes par Pierre Nautin. 250 $aRéimpression de la 1. éd. revue et corrigée. 300 $a206 p. 490 0 $aSources Chrétiennes ;$v27. 500 $aTesto greco a fronte. 700 1 $aNautin, Pierre,$d<1914-1997>.$0(OLS)http://semarc/name/4832 700 0 $aIoannes : Chrysostomus,$c.$0(OLS)http://semarc/name/1428 773 0 $tHomélies pascales.$dParis : Les Éditions du Cerf, 1950.$g1$w()9341 830 0$aSources chrétiennes ;$v27.$0(OLS)http://semarc/title/72 850 $aSeMil 852 $aSeMil$W1$xVenegono$y1$mSL1.T I 27/A$j50361$B50361$CSeMilBibl$Z2$F54319 $8I 900 0 $aIppolito : di Roma. 961 $aSottoscrizione: CELF 996 $6020$a2-204-07290-7$9(OLS)http://semarc/number/66899 996 $6245$aUne homélie inspirée du Traité sur la Pâque d'Hippolyte$9(OLS)http://semarc/title/132941